Properties and testing of elastomeric isolates for seismic protection of buildings (Record no. 65970)

MARC details
000 -LEADER
fixed length control field 00400nam a2200133Ia 4500
100 ## - MAIN ENTRY--AUTHOR NAME
Personal name Nishi Toshio
245 #0 - TITLE STATEMENT
Title Properties and testing of elastomeric isolates for seismic protection of buildings
260 ## - PUBLICATION, DISTRIBUTION, ETC. (IMPRINT)
Name of publisher Rubber International Magazine
Year of publication 2012
300 ## - PHYSICAL DESCRIPTION
Number of Pages 22-26
650 ## - SUBJECT ADDED ENTRY--TOPICAL TERM
Topical Term Elastomeric isolates
650 ## - SUBJECT ADDED ENTRY--TOPICAL TERM
Topical Term Seismic isolation
942 ## - ADDED ENTRY ELEMENTS (KOHA)
Koha item type Journals
Holdings
Withdrawn status Lost status Damaged status Not for loan Home library Current library Shelving location Date acquired Serial Enumeration / chronology Koha item type
      Journals RRII Library RRII Library Rubber technology 14/06/2012 Volume 14, Issue 4 Journals